| 000 | 00753cab a2200265 4500 | ||
|---|---|---|---|
| 001 | WB3123-04 | ||
| 008 | 090401t1995 xxu||||| |||| 00| 0 eng d | ||
| 035 | _a(Sirsi) u2856 | ||
| 041 | _aeng | ||
| 245 | _aPartnering cuts costs | ||
| 260 | _c1995 | ||
| 350 | _a0 | ||
| 490 |
_aBuilding _v260(7897) 16 June 1995, 7(1) |
||
| 520 | _aPartnering agreements can reduce the cost of a project by 10%. "Trusting the team" Reading Construction Forum. | ||
| 650 | _aCLIENTS | ||
| 650 | _aCONSTRUCTION COSTS | ||
| 650 | _aCONTRACTORS | ||
| 650 | _aPARTNERING | ||
| 650 | _aREADING CONSTRUCTION FORUM | ||
| 650 | _aREDUCTION | ||
| 650 | _aUNITED STATES | ||
| 690 | _aBUILT ENVIRONMENT-BUILDING CONTRACT FORMS | ||
| 942 | _n0 | ||
| 948 | _c04/03/1997 | ||
| 999 |
_c1717 _d1717 |
||